Quels sont les 10 plus grandes villes de France en superficie - Statistiques

Statistiques générales
  • Ce quiz a été pris 138 fois
  • Le résultat moyen est 2 sur 10
Statistiques - réponses
Km² Réponse % Correct
240 Marseille
84%
758 Arles
44%
161 Nîmes
11%
186 Aix-en-Provence
9%
132 Hyères
3%
182 Haguenau
3%
180 La Teste de Buch
3%
172 Narbonne
3%
168 Millau
2%
135 Montauban
0%
Aucun quiz correspondant
Distribution des résultats
% des personnes avec chaque résultat
Percentile par nombre de réponses
Votre historique - résultats
Vous n’avez pas pris ce quiz